Eliminación por categoría - Palabras #3 - Estadísticas

Estadísticas generales
  • Esta prueba ha sido intentada 150 veces
  • La puntuación promedio es 14 de 20
Estadísticas de respuestas
Group
Hint
Respuesta % Correcto
Verde Verbos de 5 letras 272
96%
Verde ... De la 2ª o 3ª conjugación (acabados en -er o -ir) 64
95%
Naranja Palabras que empiezan por Cau 401
92%
Naranja ... Y no tengan la letra S 145
92%
Naranja Palabras que acaban en sión 251
89%
Verde ... Que tengan la letra S 7
86%
Naranja ... Con al menos 2 letras C 46
86%
Naranja ... Que tenga 6 letras o menos 6
84%
Verde Palabras que empiecen por A y terminen en Z 77
83%
Verde ... Que no contengan "rr" 66
73%
Naranja ... Y que acabe en E 1 cauce
70%
Verde ... Ni la letra L 27
67%
Verde ... Pero que no empiecen con S 2
65%
Verde ... Pero sí la letra T 9
61%
Verde ... Ni tenga la letra T 1 coser
60%
Naranja ... Que tengan 8 letras 48
52%
Naranja ... Empieza por una letra anterior o igual a la D 19
47%
Naranja ... Contiene la letra L 4
25%
Naranja ... Y es un sinónimo de "choque" 1 colisión
25%
Verde ... Y tiene 6 letras 1 actriz
15%
No se encontraron pruebas coincidentes
Distribución de puntuación
Porcentaje de gente con cada puntuación
Porcentaje por número respondido
Historial de tus puntuaciones
No has intentado esta prueba.